000
00296nam a22001337a 4500
008
170502b xxu||||| |||| 00| 0 eng d
020
_a
1561606316
041
_a
eng
080
_a
34
100
_a
14
101
_a
SHJ
245
_a
MARTINDALE-HUBBELL LAW DIGEST
_c
LAWLER, J.A
942
_2
udc
_c
BK
999
_c
12399
_d
12399